Management : (Record no. 47294)

MARC details
000 -LEADER
fixed length control field 00473nam a22001457a 4500
008 - FIXED-LENGTH DATA ELEMENTS--GENERAL INFORMATION
fixed length control field 161116b xxu||||| |||| 00| 0 eng d
020 ## - INTERNATIONAL STANDARD BOOK NUMBER
International Standard Book Number 9780321014078
050 ## - LIBRARY OF CONGRESS CALL NUMBER
Classification number HD31
Item number .B53 2000
100 ## - MAIN ENTRY--PERSONAL NAME
Personal name Black, J. Stewart,
245 ## - TITLE STATEMENT
Title Management :
Remainder of title meeting new challenges /
Statement of responsibility, etc J. Stewart Black,
260 ## - PUBLICATION, DISTRIBUTION, ETC. (IMPRINT)
Place of publication, distribution, etc Upper Saddle River, N.J. :|bc
Name of publisher, distributor, etc Prentice Hall,|
Date of publication, distribution, etc c2000
300 ## - PHYSICAL DESCRIPTION
Extent xxiv, 648 pages :|b|c
Other physical details color illustrations ;
Dimensions 27 cm
650 ## - SUBJECT ADDED ENTRY--TOPICAL TERM
Topical term or geographic name as entry element Management
942 ## - ADDED ENTRY ELEMENTS (KOHA)
Source of classification or shelving scheme Library of Congress Classification
Item type Book
Holdings
Withdrawn status Lost status Source of classification or shelving scheme Damaged status Not for loan Collection code Home library Current library Shelving location Date acquired Source of acquisition Cost, normal purchase price Total Checkouts Full call number Barcode Date last seen Date last borrowed Copy number Price effective from Koha item type
    Library of Congress Classification     Non-fiction Nairobi Campus Nairobi Campus General Circulation 16/11/2016 Donation 500.00 2 HD31 .B53 2000 048495 13/03/2025 13/03/2025 1 16/11/2016 Book